[Event "Riga Tech Open A 2014"]
[Site "Riga LAT"]
[Date "2014.08.21"]
[Round "6.18"]
[White "Kulaots, Kaido"]
[Black "Martynov, Pavel2"]
[Result "1/2-1/2"]
[WhiteTitle "GM"]
[BlackTitle "FM"]
[WhiteElo "2567"]
[BlackElo "2414"]
[WhiteFideId "4500261"]
[BlackFideId "4122186"]
[EventDate "2014.08.16"]

1. e4 e6 2. d3 d5 3. Nd2 c5 4. Ngf3 Nf6 5. g3 g6 6. Bg2 Bg7 7. exd5 Nxd5 8. O-O
O-O 9. Re1 Nc6 10. c3 Qc7 11. a4 Rd8 12. Nc4 b6 13. Qb3 Rb8 14. Bg5 f6 15. Bd2
Kh8 16. h4 e5 17. d4 cxd4 18. cxd4 exd4 19. h5 gxh5 20. Rac1 Qf7 21. Na3 Ne5 22.
Nb5 h4 23. Nxh4 Ba6 24. Nf5 Bf8 25. Nfxd4 Bb7 26. Nxa7 Bc5 27. Nab5 Qd7 28. Rcd1
Qg4 29. Re4 Qg6 30. Rh4 Ne7 31. Bxb7 Rxb7 32. Be3 Rbd7 33. Rf1 Nd5 34. Kg2 Nd3
35. Ne6 Bxe3 36. Nxd8 Rxd8 37. Rfh1 N3f4+ 38. Kf3 Rd7 39. gxf4 Rg7 40. R1h2 Bxf4
41. Qxd5 Bxh2 42. Rxh2 Qg4+ 43. Ke3 Re7+ 44. Kd2 Rd7 45. Nd6 Qf4+ 46. Kc3 Qxh2
47. Nf7+ Rxf7 48. Qxf7 Qe5+ 49. Kc4 h5 50. Qg6 Qc5+ 1/2-1/2

[Event "Riga Tech Open A 2014"]
[Site "Riga LAT"]
[Date "2014.08.22"]
[Round "7.1"]
[White "Rapport, Richard"]
[Black "Melkumyan, Hrant"]
[Result "1/2-1/2"]
[WhiteTitle "GM"]
[BlackTitle "GM"]
[WhiteElo "2704"]
[BlackElo "2655"]
[WhiteFideId "738590"]
[BlackFideId "13302485"]
[EventDate "2014.08.16"]

1. e3 Nf6 2. c4 g6 3. Nc3 Bg7 4. g4 h6 5. Bg2 c6 6. h4 d6 7. g5 hxg5 8. hxg5
Rxh1 9. Bxh1 Nh7 10. f4 e5 11. Qe2 Qe7 12. b3 exf4 13. exf4 Bg4 14. Qxe7+ Kxe7
15. Bb2 Kd7 16. Bf3 Bf5 17. Nge2 Na6 18. Na4 Bxb2 19. Nxb2 f6 20. Kf2 Rf8 21.
Rh1 Rf7 22. gxf6 Nxf6 23. Ng3 Nc5 24. Rh8 Ng4+ 25. Kg2 Ne6 26. Nd3 Bxd3 27. Bxg4
Ke7 28. Rb8 Nxf4+ 29. Kf3 Nd5+ 30. Kg2 Nf4+ 31. Kf3 Nd5+ 32. Kg2 Nf4+ 1/2-1/2

[Event "Riga Tech Open A 2014"]
[Site "Riga LAT"]
[Date "2014.08.22"]
[Round "7.2"]
[White "Goganov, Aleksey"]
[Black "Oparin, Grigoriy"]
[Result "1/2-1/2"]
[WhiteTitle "GM"]
[BlackTitle "GM"]
[WhiteElo "2604"]
[BlackElo "2546"]
[WhiteFideId "24109959"]
[BlackFideId "24125890"]
[EventDate "2014.08.16"]

1. d4 d5 2. c4 e6 3. Nc3 Be7 4. Nf3 Nf6 5. Bg5 h6 6. Bh4 O-O 7. e3 b6 8. Be2 Bb7
9. Bxf6 Bxf6 10. cxd5 exd5 11. b4 c6 12. O-O Nd7 13. Qb3 Re8 14. b5 c5 15. Nxd5
Bxd4 16. Rad1 Ne5 17. exd4 c4 18. Bxc4 Nxc4 19. Nb4 Na5 20. Qa3 Nc4 21. Qb3 Na5
22. Qa3 Nc4 1/2-1/2

[Event "Riga Tech Open A 2014"]
[Site "Riga LAT"]
[Date "2014.08.22"]
[Round "7.3"]
[White "Popilski, Gil"]
[Black "Savchenko, Boris"]
[Result "0-1"]
[WhiteTitle "GM"]
[BlackTitle "GM"]
[WhiteElo "2494"]
[BlackElo "2596"]
[WhiteFideId "2809060"]
[BlackFideId "4147332"]
[EventDate "2014.08.16"]

1. e4 e6 2. d4 d5 3. Nc3 Bb4 4. exd5 exd5 5. Bd3 Nc6 6. a3 Ba5 7. b4 Bb6 8. Nce2
a5 9. Rb1 Bg4 10. c3 axb4 11. axb4 Nge7 12. Qc2 Qd7 13. Ng3 h5 14. h3 Be6 15. h4
Nc8 16. Nf3 Nd6 17. b5 Ne7 18. Ne5 Qc8 19. Qe2 Bg4 20. Nxg4 Qxg4 21. Nxh5 Qxg2
22. Ng3 Kf8 23. Qf1 Qf3 24. Qe2 Qxe2+ 25. Kxe2 f6 26. h5 Kf7 27. Bf4 Nc4 28. Nf5
Ra2+ 29. Kf1 Ne5 30. Bxe5 fxe5 31. Ne3 exd4 32. Nxd5 Nxd5 33. Bc4 Rd2 34. Bxd5+
Kf6 35. cxd4 Bxd4 36. Rh2 Be5 0-1

[Event "Riga Tech Open A 2014"]
[Site "Riga LAT"]
[Date "2014.08.22"]
[Round "7.4"]
[White "Boruchovsky, Avital"]
[Black "Banusz, Tamas"]
[Result "1/2-1/2"]
[WhiteTitle "GM"]
[BlackTitle "GM"]
[WhiteElo "2483"]
[BlackElo "2585"]
[WhiteFideId "2800055"]
[BlackFideId "722413"]
[EventDate "2014.08.16"]

1. e4 e5 2. Bc4 Nf6 3. d3 Nc6 4. Nc3 Na5 5. Nge2 Be7 6. a4 Nxc4 7. dxc4 c6 8. b3
O-O 9. Qd3 d6 10. Ba3 Qc7 11. Rd1 Rd8 12. O-O a6 13. Bb2 Be6 14. Qg3 b5 15. axb5
axb5 16. cxb5 cxb5 17. Qd3 b4 18. Nd5 Bxd5 19. exd5 Rdc8 20. Rd2 Qb6 21. Ng3 Ra2
22. Nf5 Bf8 23. Rb1 Qa7 24. Ne3 g6 25. Rdd1 Bh6 26. Nc4 Ng4 27. Rf1 Qc5 28. h3
Nf6 29. Rbd1 Nd7 30. Ra1 Rca8 31. Rxa2 Rxa2 32. Bc1 Bxc1 33. Rxc1 Nb6 34. Ne3
Ra5 35. Rd1 Qb5 36. Qe4 Nd7 37. Qh4 f6 38. Rd3 Qc5 39. Kh2 Ra8 40. Qh6 Qc7 41.
Qh4 Qc5 42. Qh6 Qc7 1/2-1/2

[Event "Riga Tech Open A 2014"]
[Site "Riga LAT"]
[Date "2014.08.22"]
[Round "7.5"]
[White "Molner, Mackenzie"]
[Black "Shirov, Alexei"]
[Result "1/2-1/2"]
[WhiteTitle "GM"]
[BlackTitle "GM"]
[WhiteElo "2509"]
[BlackElo "2709"]
[WhiteFideId "2021722"]
[BlackFideId "2209390"]
[EventDate "2014.08.16"]

1. e4 e5 2. Nf3 Nc6 3. Bb5 a6 4. Ba4 Nf6 5. O-O b5 6. Bb3 Bc5 7. c3 d6 8. d4 Bb6
9. a4 Rb8 10. Na3 Bg4 11. h3 Bxf3 12. Qxf3 exd4 13. axb5 axb5 14. Nxb5 Ne5 15.
Qd1 d3 16. Bg5 O-O 17. Nd4 h6 18. Bh4 g5 19. Bg3 Nxe4 20. Bxe5 dxe5 21. Qxd3
Bxd4 22. Qxe4 Rxb3 23. cxd4 Qxd4 24. Rae1 Qxe4 25. Rxe4 f6 26. Rc1 Rf7 27. Rec4
Rb7 28. g4 Kg7 29. Rc6 h5 30. Kg2 Kg6 31. R1c5 hxg4 32. hxg4 Re7 33. Rc3 Rb4 34.
R6c4 c5 35. Rxb4 cxb4 36. Rc4 Rb7 37. b3 Rb6 38. Kf3 f5 39. gxf5+ Kxf5 40. Ke3
g4 41. Re4 Rb5 42. Rc4 Rb8 43. Re4 1/2-1/2

[Event "Riga Tech Open A 2014"]
[Site "Riga LAT"]
[Date "2014.08.22"]
[Round "7.6"]
[White "Iturrizaga Bonelli, Eduardo"]
[Black "Naroditsky, Daniel"]
[Result "1/2-1/2"]
[WhiteTitle "GM"]
[BlackTitle "GM"]
[WhiteElo "2653"]
[BlackElo "2587"]
[WhiteFideId "3901211"]
[BlackFideId "2026961"]
[EventDate "2014.08.16"]

1. c4 Nf6 2. Nc3 e5 3. Nf3 Nc6 4. a3 g6 5. d3 Bg7 6. g3 O-O 7. Bg2 d6 8. O-O h6
9. Nd2 Be6 10. b4 Rb8 11. b5 Ne7 12. a4 Qd7 13. Ba3 Bh3 14. e4 Bxg2 15. Kxg2 c5
16. bxc6 bxc6 17. Rb1 Qc7 18. Qc2 Nd7 19. Rxb8 Rxb8 20. Rb1 Rxb1 21. Qxb1 Nc8
22. Nb3 h5 23. h4 Bf8 24. Qc2 Be7 25. Nd1 Ncb6 26. Nb2 Nc5 27. Nxc5 dxc5 28. Nd1
Nd7 29. Bb2 Nf8 30. Bc3 Ne6 31. Qb2 Nd4 32. a5 Qc8 33. Ne3 Bd6 34. Bxd4 cxd4 35.
c5 Bxc5 36. Nc4 f6 37. a6 Qxa6 38. Qb8+ Bf8 39. Qe8 Kg7 40. Qd7+ Kg8 41. Qe6+
Kg7 42. Qd7+ Kg8 43. Qd8 c5 44. Qd7 Qa2 45. Qe6+ Kg7 46. Qd7+ Kg8 47. Qd5+ Kg7
48. Qb7+ Kg8 49. Qd5+ Kg7 50. Qd7+ 1/2-1/2

[Event "Riga Tech Open A 2014"]
[Site "Riga LAT"]
[Date "2014.08.22"]
[Round "7.7"]
[White "Kveinys, Aloyzas"]
[Black "Kovalenko, Igor"]
[Result "1-0"]
[WhiteTitle "GM"]
[BlackTitle "GM"]
[WhiteElo "2527"]
[BlackElo "2650"]
[WhiteFideId "12800040"]
[BlackFideId "14117908"]
[EventDate "2014.08.16"]

1. Nf3 g6 2. e4 Bg7 3. d4 d6 4. Bc4 Nf6 5. Qe2 O-O 6. e5 dxe5 7. dxe5 Nd5 8. h3
Nb6 9. Bb3 Nc6 10. O-O Nd4 11. Nxd4 Qxd4 12. Re1 a5 13. a4 Be6 14. Bxe6 fxe6 15.
Nd2 Rf5 16. Nf3 Qc4 17. b3 Qxe2 18. Rxe2 Nd5 19. Bd2 Rd8 20. Rae1 b6 21. Ng5 Nc3
22. Bxc3 Rxg5 23. g4 Rf8 24. Bd2 Rxe5 25. Rxe5 Bxe5 26. Rxe5 Rd8 27. Re2 1-0

[Event "Riga Tech Open A 2014"]
[Site "Riga LAT"]
[Date "2014.08.22"]
[Round "7.8"]
[White "Fridman, Daniel"]
[Black "Rombaldoni, Axel"]
[Result "1-0"]
[WhiteTitle "GM"]
[BlackTitle "GM"]
[WhiteElo "2639"]
[BlackElo "2507"]
[WhiteFideId "11600454"]
[BlackFideId "815837"]
[EventDate "2014.08.16"]

1. d4 e6 2. Nf3 c5 3. e3 Nf6 4. c4 a6 5. Nc3 d5 6. cxd5 exd5 7. Be2 Nc6 8. O-O
Bd6 9. dxc5 Bxc5 10. b3 O-O 11. Bb2 Ba7 12. Na4 Ne4 13. Rc1 Qd6 14. Nc3 Nf6 15.
Rc2 Be6 16. Rd2 Rad8 17. Qa1 Rfe8 18. Rfd1 Qc7 19. Bf1 Ng4 20. h3 Nxe3 21. fxe3
Bxe3+ 22. Kh1 Bxd2 23. Rxd2 d4 24. Ne2 Bd5 25. Nfxd4 Ne5 26. Qd1 Qc8 27. Kh2 b6
28. Ng3 Bb7 29. Ndf5 Rxd2 30. Qxd2 f6 31. Qd6 Qd8 32. Nh5 Qxd6 33. Nxd6 Re7 34.
Bxe5 fxe5 35. Nxb7 Rxb7 36. Bxa6 Rd7 37. Bc4+ Kf8 38. a4 Rd2 39. Ng3 Ke7 40.
Nf5+ Kf6 41. Ne3 e4 42. Nd5+ Ke5 43. Nxb6 e3 44. Kg3 g5 45. a5 Kd4 46. a6 Ra2
47. Na4 1-0

[Event "Riga Tech Open A 2014"]
[Site "Riga LAT"]
[Date "2014.08.22"]
[Round "7.9"]
[White "Donchenko, Alexander"]
[Black "Aleksandrov, Aleksej"]
[Result "0-1"]
[WhiteTitle "IM"]
[BlackTitle "GM"]
[WhiteElo "2506"]
[BlackElo "2595"]
[WhiteFideId "24603295"]
[BlackFideId "13500139"]
[EventDate "2014.08.16"]

1. c4 e6 2. Nc3 d5 3. d4 Bb4 4. a3 Bxc3+ 5. bxc3 c5 6. e3 Nf6 7. Nf3 O-O 8. Bd3
Qc7 9. cxd5 cxd4 10. O-O dxe3 11. c4 exd5 12. cxd5 exf2+ 13. Rxf2 Bg4 14. Bb2
Nbd7 15. d6 Qb6 16. Rb1 Qe3 17. Bd4 Qf4 18. Rb4 a5 19. g3 Qh6 20. Rxb7 Rac8 21.
Qd2 Rc1+ 22. Bf1 Ne4 23. Qxh6 gxh6 24. Ne5 Nxe5 25. Bxe5 Nxf2 26. Kxf2 Rc2+ 27.
Ke3 Re8 28. Re7 Rxe7 29. dxe7 Bd7 30. h4 f6 31. Bd3 Rc6 32. Bf4 Kf7 33. Bxh6 Rc3
34. Kd4 Rxa3 35. Bf8 Ra4+ 36. Kc5 h5 37. Bc4+ Kg6 38. Kd6 Be8 39. Bd3+ Kf7 40.
Kc5 Rb4 41. Bc4+ Kg6 42. Bd3+ f5 43. Kd5 a4 44. Ke5 Re4+ 45. Bxe4 fxe4 46. Kd4 0-1

[Event "Riga Tech Open A 2014"]
[Site "Riga LAT"]
[Date "2014.08.22"]
[Round "7.10"]
[White "Ris, Robert"]
[Black "Bok, Benjamin"]
[Result "0-1"]
[WhiteTitle "IM"]
[BlackTitle "GM"]
[WhiteElo "2408"]
[BlackElo "2587"]
[WhiteFideId "1011480"]
[BlackFideId "1017063"]
[EventDate "2014.08.16"]

1. d4 Nf6 2. c4 e6 3. Nc3 Bb4 4. g3 O-O 5. Bg2 d5 6. Nf3 dxc4 7. O-O Nc6 8. Rb1
a6 9. a3 Be7 10. Qa4 Nxd4 11. Nxd4 Qxd4 12. Be3 Qd8 13. Rfd1 Bd7 14. Qxc4 c6 15.
Ne4 Nd5 16. Bc5 b6 17. Bxe7 Qxe7 18. Rbc1 Rfd8 19. Rd3 c5 20. Nc3 Nxc3 21. Qxc3
Rab8 22. b4 cxb4 23. Qxb4 Qxb4 24. axb4 Bb5 25. Rxd8+ Rxd8 26. Bf1 a5 27. bxa5
bxa5 28. Rc5 Rb8 29. e3 Bxf1 30. Kxf1 Ra8 31. Rc3 a4 32. Ra3 g5 33. Ke2 g4 34.
Kd2 Kg7 35. Kc2 Kf6 36. Kb2 Ke5 37. Rd3 Ra7 38. Rd4 a3+ 39. Ka2 f5 40. h3 h5 41.
hxg4 hxg4 42. Rf4 Ra5 43. Rc4 Rd5 44. Kxa3 Rd2 45. Rf4 Kf6 46. e4 Rd4 47. Kb3
Rxe4 48. Rxe4 fxe4 49. Kc3 Ke5 50. Kd2 Kd4 51. Ke2 e3 0-1

[Event "Riga Tech Open A 2014"]
[Site "Riga LAT"]
[Date "2014.08.22"]
[Round "7.11"]
[White "Yemelin, Vasily"]
[Black "Aravindh, Chithambaram VR."]
[Result "1/2-1/2"]
[WhiteTitle "GM"]
[BlackTitle "IM"]
[WhiteElo "2573"]
[BlackElo "2467"]
[WhiteFideId "4113217"]
[BlackFideId "5072786"]
[EventDate "2014.08.16"]

1. d4 Nf6 2. c4 e6 3. Nc3 d5 4. cxd5 exd5 5. Bg5 Nbd7 6. e3 c6 7. Bd3 Be7 8. Qc2
Nh5 9. Bxe7 Qxe7 10. Nf3 Nf4 11. Bf1 Nb6 12. a4 a5 13. Qb3 Nd7 14. Qa3 Ng6 15.
h4 Nf6 16. h5 Qxa3 17. Rxa3 Ne7 18. Ne5 Nf5 19. g4 Nd6 20. f3 Nd7 21. Kf2 f6 22.
Nd3 Kf7 23. Nf4 Re8 24. Bd3 Nf8 25. Re1 g5 26. hxg6+ hxg6 27. e4 g5 28. Nh5 dxe4
29. Bxe4 Be6 30. d5 cxd5 31. Bxd5 Rac8 32. Rb3 Bxd5 33. Nxd5 Rc2+ 34. Kf1 Rxe1+
35. Kxe1 Nd7 36. Re3 Ne5 37. b3 b5 38. axb5 Nxb5 39. Ndxf6 Nc6 40. Ne4 Kg6 41.
f4 Nbd4 42. fxg5 Ne5 43. Nf4+ Kg7 44. Kd1 Ra2 45. Rc3 Ra1+ 46. Kd2 Nef3+ 47. Kd3
Rd1+ 48. Kc4 Ne5+ 49. Kd5 Ndc6+ 50. Kc5 Nd8 51. Ng3 Kf7 52. Kb5 Rd4 53. g6+ Kg8
54. Rc8 Nc6 55. Nfh5 Rd6 56. Nf5 Rxg6 57. Rxd8+ Nxd8 58. Ne7+ Kf7 59. Nxg6 Kxg6
60. Kxa5 Nc6+ 61. Ka6 Kg5 62. Ng7 Kxg4 63. Ne6 Kf5 64. Kb6 Nb4 65. Nd4+ Ke4 66.
Nc6 Kd3 67. Nxb4+ Kc3 68. Kb5 Kxb3 1/2-1/2

[Event "Riga Tech Open A 2014"]
[Site "Riga LAT"]
[Date "2014.08.22"]
[Round "7.12"]
[White "Steinberg, Nitzan"]
[Black "Golod, Vitali"]
[Result "1/2-1/2"]
[WhiteTitle "IM"]
[BlackTitle "GM"]
[WhiteElo "2420"]
[BlackElo "2574"]
[WhiteFideId "2801795"]
[BlackFideId "2804140"]
[EventDate "2014.08.16"]

1. e4 e5 2. Nf3 Nc6 3. Bb5 a6 4. Ba4 Nf6 5. O-O Be7 6. Re1 b5 7. Bb3 d6 8. c3
O-O 9. h3 Na5 10. Bc2 c5 11. d4 Qc7 12. d5 c4 13. b4 cxb3 14. axb3 Bd7 15. Bd2
Nb7 16. b4 Ne8 17. Na3 g6 18. Bd3 Ng7 19. Qb3 Qb8 20. Rab1 Bd8 21. c4 bxc4 22.
Nxc4 Bb5 23. Na3 Bd7 24. Rec1 f5 25. Rc6 fxe4 26. Bxe4 Bf5 27. Qd3 Bxe4 28. Qxe4
Nf5 29. Nc4 Bc7 30. Ra1 Nd8 31. Rcxa6 Rxa6 32. Rxa6 Qb7 33. Ra3 Ne7 34. Rd3 Nf7
35. Kh2 Re8 36. Ne3 Kg7 37. Bc3 Ng8 38. Nd2 Nf6 39. Qh4 Bd8 40. Qc4 Bb6 41. Qb5
Rb8 42. Qc6 Bxe3 43. fxe3 Qxc6 44. dxc6 Rb6 45. b5 Rxb5 46. c7 Rc5 47. Ba5 d5
48. Rc3 Rxc3 49. Bxc3 Nd6 50. Bxe5 Nc8 51. e4 Kf7 52. Bxf6 Kxf6 53. exd5 Ke5 54.
Kg3 Kxd5 55. Kf4 Kd6 56. Kg5 Kxc7 57. Kh6 Kd6 58. Kxh7 Ne7 59. Nf3 Ke6 60. Kg7
Kf5 61. Kf7 Nd5 62. Nh4+ Kg5 63. Nxg6 Ne3 64. g3 Nf5 65. h4+ Kh6 66. g4 Nxh4 67.
Nxh4 1/2-1/2

[Event "Riga Tech Open A 2014"]
[Site "Riga LAT"]
[Date "2014.08.22"]
[Round "7.13"]
[White "Martynov, Pavel2"]
[Black "Danin, Alexandre"]
[Result "0-1"]
[WhiteTitle "FM"]
[BlackTitle "GM"]
[WhiteElo "2414"]
[BlackElo "2572"]
[WhiteFideId "4122186"]
[BlackFideId "4144031"]
[EventDate "2014.08.16"]

1. d4 Nf6 2. Bg5 Ne4 3. Bf4 c5 4. f3 Qa5+ 5. c3 Nf6 6. Nd2 cxd4 7. Nc4 Qd8 8.
cxd4 d5 9. Ne5 e6 10. g4 Nc6 11. e3 Qb6 12. Nd3 Nb4 13. Nxb4 Bxb4+ 14. Kf2 Bd6
15. Bxd6 Qxd6 16. Ne2 Bd7 17. Nc3 Bc6 18. Rb1 h6 19. h4 Ke7 20. Bd3 Rac8 21. b4
Bd7 22. Ne2 g5 23. Rh3 e5 24. dxe5 Qxe5 25. Nd4 h5 26. hxg5 Qxg5 27. Qh1 Rc3 28.
Ke2 Re8 29. Kd2 hxg4 30. f4 Rxd3+ 31. Ke2 Qg6 32. f5 Qg5 33. Rg3 Rxd4 34. exd4
Kd8+ 35. Kd1 Ba4+ 0-1

[Event "Riga Tech Open A 2014"]
[Site "Riga LAT"]
[Date "2014.08.22"]
[Round "7.14"]
[White "Neiksans, Arturs"]
[Black "Khatoev, Eduard"]
[Result "1-0"]
[WhiteTitle "GM"]
[BlackTitle "FM"]
[WhiteElo "2572"]
[BlackElo "2417"]
[WhiteFideId "11601388"]
[BlackFideId "24145076"]
[EventDate "2014.08.16"]

1. e4 e5 2. Nf3 Nf6 3. d4 Nxe4 4. Bd3 d5 5. dxe5 Be7 6. Nc3 Nxc3 7. bxc3 c5 8.
O-O Nc6 9. Rb1 O-O 10. c4 d4 11. a3 Bg4 12. Re1 Qd7 13. h3 Bh5 14. Bf4 Rae8 15.
g4 Bg6 16. Bg3 Bd8 17. Nd2 Ba5 18. f4 Bxd3 19. cxd3 f6 20. exf6 Re3 21. Rxe3
dxe3 22. fxg7 Qxg7 23. Ne4 Nd4 24. Kg2 e2 25. Qc1 h5 26. g5 h4 27. Bxh4 Qh8 28.
Bf2 e1=Q 29. Bxe1 Ne2 30. Qe3 Nxf4+ 31. Kh1 Bxe1 32. Nf6+ Kg7 33. Rxb7+ Rf7 34.
Ne8+ Kg6 35. Rxf7 Bd2 36. Rg7+ 1-0

[Event "Riga Tech Open A 2014"]
[Site "Riga LAT"]
[Date "2014.08.22"]
[Round "7.15"]
[White "Simonian, Tigran"]
[Black "Kulaots, Kaido"]
[Result "1/2-1/2"]
[WhiteTitle "IM"]
[BlackTitle "GM"]
[WhiteElo "2405"]
[BlackElo "2567"]
[WhiteFideId "13303597"]
[BlackFideId "4500261"]
[EventDate "2014.08.16"]

1. d4 Nf6 2. Nf3 g6 3. c4 Bg7 4. Nc3 d5 5. Qb3 dxc4 6. Qxc4 O-O 7. e4 a6 8. Qb3
Nc6 9. d5 Na5 10. Qa3 b6 11. Bg5 c5 12. dxc6 Nxc6 13. h3 Be6 14. Rd1 Qc7 15. Be2
b5 16. Nd5 Qb7 17. Nxf6+ exf6 18. Bc1 f5 19. exf5 Bxf5 20. O-O Rfe8 21. Bd3 b4
22. Qa4 Bd7 23. Qc2 Rac8 24. Qb1 Nb8 25. Rfe1 Bc6 26. Rxe8+ Rxe8 27. Re1 Rxe1+
28. Nxe1 Nd7 29. Be3 a5 30. Qc1 Bd5 31. a3 b3 32. Be2 a4 33. f3 Ne5 34. Qd2 h5
35. Bd4 Qe7 36. Qc3 Qg5 37. Kf1 h4 38. Qc8+ Kh7 39. Qc3 Be6 40. Nd3 Nxd3 41.
Bxd3 Bxd4 42. Qxd4 Qc1+ 43. Ke2 Kg8 44. Qd8+ Kg7 45. Qd4+ f6 46. f4 Bc8 47. Qa7+
Kh6 48. Qd4 Kg7 49. Qa7+ Kh6 50. Qd4 Kg7 1/2-1/2

[Event "Riga Tech Open A 2014"]
[Site "Riga LAT"]
[Date "2014.08.22"]
[Round "7.16"]
[White "Fedorov, Alexei"]
[Black "Valsecchi, Alessio"]
[Result "1/2-1/2"]
[WhiteTitle "GM"]
[BlackTitle "IM"]
[WhiteElo "2562"]
[BlackElo "2421"]
[WhiteFideId "13500465"]
[BlackFideId "818860"]
[EventDate "2014.08.16"]

1. e4 c6 2. Nc3 d5 3. Qe2 d4 4. Nd1 e5 5. d3 Bd6 6. g3 c5 7. f4 Nc6 8. Nf3 f6 9.
f5 Qe7 10. g4 Bd7 11. c4 Qf7 12. Nf2 O-O-O 13. Bd2 g6 14. Rg1 Re8 15. a3 Nge7
16. Qd1 Kb8 17. Qb1 h5 18. h3 hxg4 19. hxg4 gxf5 20. exf5 Nxf5 21. Ne4 Reg8 22.
gxf5 Rxg1 23. Nxg1 Be7 24. Qc2 Qh5 25. Bc1 Bxf5 26. Ng3 Qh4 27. Qf2 Bg6 28. Bd2
Qh7 29. Qf3 f5 30. O-O-O Bd6 31. Qd5 Kc7 32. Nh3 Qd7 33. Ng5 Ne7 34. Qf3 Qa4 35.
Re1 b5 36. Bg2 Rb8 37. Ne6+ Kb6 38. Nf4 bxc4 39. Nxg6 cxd3 40. Kb1 Qc2+ 41. Ka2
Ka6 42. Rb1 Rb3 43. Ka1 e4 44. Nxe4 fxe4 45. Qxe4 Nxg6 46. Qc6+ Rb6 47. Qc8+ Kb5
48. Qe8+ Ka6 49. Qc8+ Kb5 50. Qd7+ Ka6 51. Qc8+ 1/2-1/2

[Event "Riga Tech Open A 2014"]
[Site "Riga LAT"]
[Date "2014.08.22"]
[Round "7.17"]
[White "Werle, Jan"]
[Black "Petrov, Nikita"]
[Result "1/2-1/2"]
[WhiteTitle "GM"]
[BlackTitle "FM"]
[WhiteElo "2511"]
[BlackElo "2418"]
[WhiteFideId "1006088"]
[BlackFideId "4101286"]
[EventDate "2014.08.16"]

1. d4 Nf6 2. c4 c6 3. Nf3 d5 4. e3 Bg4 5. Nc3 e6 6. Qb3 Qb6 7. Nh4 Bh5 8. h3 g5
9. Nf3 h6 10. Ne5 Nfd7 11. Nd3 Na6 12. Qxb6 axb6 13. cxd5 exd5 14. h4 Bg7 15.
hxg5 hxg5 16. Be2 Bg6 17. Rxh8+ Bxh8 18. Bd2 Bg7 19. a4 Bf8 20. Kf1 Bd6 21. g3
Kf8 22. f4 gxf4 23. gxf4 Nb4 24. Ne5 1/2-1/2

[Event "Riga Tech Open A 2014"]
[Site "Riga LAT"]
[Date "2014.08.22"]
[Round "7.18"]
[White "Lugovskoy, Maxim"]
[Black "Raznikov, Danny"]
[Result "1-0"]
[WhiteTitle "IM"]
[BlackTitle "IM"]
[WhiteElo "2402"]
[BlackElo "2509"]
[WhiteFideId "24126454"]
[BlackFideId "2811154"]
[EventDate "2014.08.16"]

1. e4 c5 2. Nf3 d6 3. Bb5+ Nd7 4. d4 cxd4 5. Qxd4 a6 6. Bxd7+ Bxd7 7. c4 Nf6 8.
O-O g6 9. Nc3 Bg7 10. Qd3 O-O 11. Be3 b5 12. b3 bxc4 13. bxc4 Qa5 14. Bd4 Qa3
15. Nd2 Rfc8 16. Rab1 Be6 17. Rb3 Qa5 18. Nd5 Bxd5 19. cxd5 Rab8 20. Nc4 Qxa2
21. Nb6 Qc2 22. Nxc8 Qxb3 23. Nxe7+ Kf8 24. Qxa6 Kxe7 25. e5 Ne8 26. exd6+ Kf8
27. Bc5 Qxd5 28. Qa7 Qa8 29. d7+ Kg8 30. Qxa8 Rxa8 31. Be7 Nf6 32. d8=Q+ Rxd8
33. Bxd8 h5 34. Rb1 Ne4 35. Rb4 Nc5 36. Be7 Ne6 37. Rb8+ Kh7 38. h4 Be5 39. Rb7
Kg7 40. g3 Kg8 41. Kg2 Nd4 42. Bg5 Nf5 43. Bc1 Kf8 44. Kf3 Ke8 45. Ba3 Bd4 46.
Kg2 Be5 47. Bc5 Nd6 48. Rb1 Kd7 49. Rd1 Kc6 50. Bb4 Nf5 51. Rd8 Bg7 52. Kf3 Kc7
53. Ra8 Kd7 54. Ra7+ Ke6 55. Bc5 Kd5 56. Bb6 Ke6 57. Ra6 Kd5 58. Bd8 Nd4+ 59.
Ke3 Nf5+ 60. Kd3 Bd4 61. Ra5+ 1-0

[Event "Riga Tech Open A 2014"]
[Site "Riga LAT"]
[Date "2014.08.23"]
[Round "8.1"]
[White "Melkumyan, Hrant"]
[Black "Savchenko, Boris"]
[Result "1/2-1/2"]
[WhiteTitle "GM"]
[BlackTitle "GM"]
[WhiteElo "2655"]
[BlackElo "2596"]
[WhiteFideId "13302485"]
[BlackFideId "4147332"]
[EventDate "2014.08.16"]

1. d4 Nf6 2. Nf3 g6 3. c4 Bg7 4. g3 c5 5. Bg2 cxd4 6. Nxd4 h5 7. Nc3 Nc6 8. h3
Qb6 9. e3 d6 10. b3 Bd7 11. Bb2 O-O 12. O-O a6 13. Qd2 Rfc8 14. Rfd1 Rab8 15.
Rac1 Qa5 16. Nce2 Qxd2 17. Rxd2 Kf8 18. Bc3 Be8 19. f4 Nxd4 20. Nxd4 Nd7 21. g4
hxg4 22. hxg4 Nc5 23. Ne2 Bc6 24. Ng3 b5 25. Bxc6 Rxc6 26. Bxg7+ Kxg7 27. cxb5
axb5 28. Rcc2 Ra6 29. Kg2 Raa8 30. Rd5 b4 31. Rd4 Rb6 32. Ne4 Rba6 33. Nxc5 Rxa2
34. Rdd2 Rxc2 35. Rxc2 dxc5 36. Rxc5 Ra3 37. Rc7 Kf6 38. Rc6+ Kg7 39. Rc7 e6 40.
g5 Rxb3 41. Kf3 Rb1 42. Rb7 b3 43. Ke4 b2 44. Rb8 Kh7 45. Ke5 Kg7 46. Ke4 1/2-1/2

[Event "Riga Tech Open A 2014"]
[Site "Riga LAT"]
[Date "2014.08.23"]
[Round "8.2"]
[White "Bok, Benjamin"]
[Black "Rapport, Richard"]
[Result "0-1"]
[WhiteTitle "GM"]
[BlackTitle "GM"]
[WhiteElo "2587"]
[BlackElo "2704"]
[WhiteFideId "1017063"]
[BlackFideId "738590"]
[EventDate "2014.08.16"]

1. e4 d6 2. d4 Nf6 3. Nc3 e5 4. Nf3 Nbd7 5. Bc4 Be7 6. a4 c6 7. O-O Qc7 8. Ba2
h6 9. dxe5 dxe5 10. Nh4 Nc5 11. Nf5 Bxf5 12. exf5 O-O 13. Be3 e4 14. Qe2 Qe5 15.
Rae1 Rae8 16. Qc4 Bd6 17. g3 Qxf5 18. Bd4 Ncd7 19. Re2 Be5 20. Bxa7 Bxc3 21.
Qxc3 Ne5 22. Bc5 Nf3+ 23. Kg2 Re5 24. Bxf8 Qh3+ 25. Kxh3 Rh5+ 26. Kg2 Rxh2# 0-1

[Event "Riga Tech Open A 2014"]
[Site "Riga LAT"]
[Date "2014.08.23"]
[Round "8.3"]
[White "Oparin, Grigoriy"]
[Black "Fridman, Daniel"]
[Result "1/2-1/2"]
[WhiteTitle "GM"]
[BlackTitle "GM"]
[WhiteElo "2546"]
[BlackElo "2639"]
[WhiteFideId "24125890"]
[BlackFideId "11600454"]
[EventDate "2014.08.16"]

1. e4 e5 2. Bc4 Nf6 3. Nc3 Nc6 4. d3 Na5 5. Nge2 c6 6. a3 Nxc4 7. dxc4 d6 8. Qd3
Be7 9. Bg5 h6 10. Bh4 O-O 11. O-O Be6 12. Rad1 Qa5 13. a4 Rad8 14. b3 Rfe8 15.
h3 Bc8 16. Qf3 Be6 17. Qd3 Bc8 18. Qf3 Be6 19. Qd3 1/2-1/2